书目信息 |
| 题名: |
内部分代与流动
|
|
| 作者: | 游正林 著 | |
| 分册: | ||
| 出版信息: | 北京 社会科学文献出版社 2000 |
|
| 页数: | 294页 | |
| 开本: | 20cm | |
| 丛书名: | 现代社会学文库 | |
| 单 册: | ||
| 中图分类: | C51 | |
| 科图分类: | ||
| 主题词: | 国有企业--经济体制改革--研究--中国 , 社会科学--多卷书 | |
| 电子资源: | ||
| ISBN: | 7-80149-366-4 | |
| 000 | 00798nam0 2200241 45 | |
| 001 | 0207011694 | |
| 005 | 20031219104056.9 | |
| 010 | @a7-80149-366-4@dCNY17.80 | |
| 100 | @a20020701d2000 km y0chiy0120 ea | |
| 101 | 0 | @achi |
| 105 | @a z 000yy | |
| 200 | 1 | @a内部分代与流动@ANei Bu Fen Dai Yu Liu Dong@e一家国有企业的二十年@EYi Jia Guo You Qi Ye De Er Shi Nian@f游正林著@FYou Zheng Lin Zhu |
| 210 | @a北京@c社会科学文献出版社@d2000 | |
| 215 | @a294页@d20cm | |
| 225 | @a现代社会学文库 | |
| 410 | @12001 @a现代社会学文库 | |
| 517 | @a一家国有企业的二十年@AYi Jia Guo You Qi Ye De Er Shi Nian | |
| 606 | 0 | @a国有企业@x经济体制改革@x研究@y中国 |
| 606 | 0 | @a社会科学@x多卷书 |
| 690 | @aC51@v4 | |
| 701 | 0 | @a游正林@4著 |
| 801 | @aCN@bTSTC@c20020701 | |
| 905 | @b313268-277@dC51@e114:5@f10 | |
| 内部分代与流动:一家国有企业的二十年/游正林著.-北京:社会科学文献出版社,2000 |
| 294页;20cm.-(现代社会学文库) |
| ISBN 7-80149-366-4:CNY17.80 |
| ● |
| 相关链接 |
|
|
|
|
正题名:内部分代与流动
索取号:C51/114:5
 
预约/预借
| 序号 | 登录号 | 条形码 | 馆藏地/架位号 | 状态 | 备注 |
| 1 | 0313268 | 203132680 | 教育系资料室/ [索取号:C51/114:5] | 在馆 | |
| 2 | 0313269 | 203132699 | 密集书库/ [索取号:C51/114:5] | 在馆 | |
| 3 | 0313270 | 203132706 | 密集书库/ [索取号:C51/114:5] | 在馆 | |
| 4 | 0313271 | 203132715 | 密集书库/ [索取号:C51/114:5] | 在馆 | |
| 5 | 0313272 | 203132724 | 密集书库/ [索取号:C51/114:5] | 在馆 | |
| 6 | 0313273 | 203132733 | 第一借阅区/ [索取号:C51/114:5] | 在馆 | |
| 7 | 0313274 | 203132742 | 第一借阅区/ [索取号:C51/114:5] | 在馆 | |
| 8 | 0313275 | 203132751 | 密集书库/ [索取号:C51/114:5] | 在馆 | |
| 9 | 0313276 | 203132760 | 教育系资料室/ [索取号:C51/114:5] | 在馆 | |
| 10 | 0313277 | 203132779 | 第一样本阅览室/ [索取号:C51/114:5] | 在馆 |